The Philosophy of Information Quality /

Se desarrolla aquí un marco conceptual técnico sobre calidad de la información y sus estándares, para su implementación en cualquier campo donde se requiera manejar datos con accesibilidad, precisión, integridad, vigencia, confiabilidad, oportunidad, usabilidad y medibles.

Guardado en:
Detalles Bibliográficos
Autor principal: Floridi, Luciano (edición)
Otros autores: Illari, Phyllis (edición) (edición)
Formato: Libro
Idioma:Inglés
Publicado: Cham, Suiza : Springer, 2014, c2014
Colección:(Synthese Library ; Studies in Epistemology, Logic, Methodology, and Philosophy of Science) 358.
Temas:
Acceso en línea:Ver documento en línea
Etiquetas: Agrega una etiqueta
Sin etiquetas, Sé el primero en etiquetar este registro!

MARC

LEADER 00000nam^a2200000^a^4500
001 000420887
005 20251023000000.0
009 20260310122522.151
020 |a 978-3-319-07121-3 
037 |a Acervo ITESO - Biblioteca 
041 |a ING 
082 |a 020. 1  |b FLO 
100 |a Floridi, Luciano  |e (edición) 
245 1 4 |a The Philosophy of Information Quality /  |c Ed. de L. Floridi, P. Illari. 
264 4 |a Cham, Suiza :  |b Springer,  |c 2014, c2014 
264 2 |a Cham, Suiza :  |b Springer Link [distribución],  |c 2014 
300 |a 1 libro electrónico en línea (VIII, 315 p.) 
300 |a 1 recurso en línea 
336 |a datos para computadora  |b cod  |2 rdacontenido 
337 |a computadora  |b c  |2 rdamedio 
338 |a recurso en línea  |b cr  |2 rdasoporte 
440 1 |a (Synthese Library ;  |v 358.  |p Studies in Epistemology, Logic, Methodology, and Philosophy of Science) 
506 0 |a Licencias ilimitadas 
520 |a Se desarrolla aquí un marco conceptual técnico sobre calidad de la información y sus estándares, para su implementación en cualquier campo donde se requiera manejar datos con accesibilidad, precisión, integridad, vigencia, confiabilidad, oportunidad, usabilidad y medibles. 
649 |a XX 
650 |a Proceso de Datos 
650 |a Calidad Total -  |x Tema Principal 
650 |a Normalización y Certificación -  |x Tema Principal 
650 |a Sistemas de Información 
650 |a Informática 
650 |a Información -  |x Administración 
650 |a Información -  |x Filosofía -  |x Tema Principal 
650 |a Información -  |x Teoría -  |x Tema Principal 
650 |a Comunicación 
700 |a Illari, Phyllis  |e (edición) 
856 4 0 |u https://link-springer-com.ezproxy.iteso.mx/10.1007/978-3-319-07121-3  |y Ver documento en línea 
910 |a Fondo General 
920 |a Electrónicos - Libros en Línea 
930 |a Plataforma Digital 
905 |a 205 
901 |a 420887-1  |b IT2  |c EBO  |i C172346  |u 20250521 
902 |a https://opac.biblio.iteso.mx/vufind/Record/000420887